Quizzes
Events
Quiz Creation
Community
Videos
Private Events
Remove Ads
Sign In
Join for FREE
Feedback
Dark Mode
Quiz Categories
Sports
Geography
Music
Movies
Television
Just For Fun
Miscellaneous
History
Literature
Language
Science
Gaming
Entertainment
Religion
Holiday
For Kids
Quiz Lab
Recent
Popular Today
Quiz Kudos Today
Editor Picks
Curator Picks
Quizzes by...
Day
Popularity
Type
Ratings
Length
Year
Community
Subscriptions
Recent Discussions
Orange Saloon
Badges
Playlists
Quests
Create
Leaderboards
Showdown
Live 5
Trivia Bingo
Activity
Puzzle Library
Sporcle Events
Private Events
Virtual Trivia
Globe League
Become a Host
Pub Owners
SporcleCon
Opinionation
Our Games
Videos
Blog
Mobile Apps
Partnerships
Remove Ads and Go Orange
Feedback
Holiday
Halloween
Christmas
Holiday Songs
April Fools'
Thanksgiving
Valentine's Day
Easter
St Patrick's Day
National Holiday
Religious Holiday
Holiday
Halloween
Christmas
Holiday Songs
April Fools'
Thanksgiving
Valentine's Day
Easter
St Patrick's Day
National Holiday
Religious Holiday
Random Quiz
Search Sporcle
×
Quiz Lab
Quiz Lab
Holiday
National Holiday
Type in answers that appear in a list
Type in answers that appear in a list
Classic
Best Score? Go Orange.
US Federal Holidays Dates, Within a Day Stats
Can you name the US Federal Holidays Dates, Within A Day?
By
JPink
2m
10 Questions
60 Plays
60 Plays
60 Plays
Comments
Comments
Give Quiz Kudos
Give Quiz Kudos
-
- Ratings
hide this ad
More Info
Forced Order
Answers have to be entered in order
Answers have to be entered in order
Replay
Link that replays current quiz
Next Quiz
Link to next quiz in quiz playlist
You Got
0%
They Got
Avg Score
78%
Avg Friend Score
Upgrade to see
Score Distribution
Jump to the score distribution portion of the page
Score
0/10
Timer
02:00
0
Plays Today
US Federal Holiday
Holiday Date
% Correct
New Year's Day
January 1
98.3%
Christmas Day
December 25
88.3%
Independence Day
July 4
86.7%
Birthday of Martin Luther King, Jr.
January 21
78.3%
Veterans Day
November 11
78.3%
Thanksgiving Day
November 28
75%
Memorial Day
May 27
73.3%
Labor Day
September 2
71.7%
Columbus Day
October 14
71.7%
Washington’s Birthday
February 18
65%
Quiz Playlist
Details
Report
Send in Message
Add To Playlist
More Info:
Calendar dates and abbreviated dates will be accepted: for example January 10 and Jan 10 will both work.
Classic:
Type in answers that appear in a list
Forced Order:
Answers have to be entered in order
Quiz Source
Last Updated: Feb 16, 2017
Quiz Scoreboard
CHALLENGE
Sign Up to Join the Scoreboard
Show All
Scores
Hide
Comments
May contain spoilers
Recently Published
An Introduction to Baseball
by treessimontrees
Sports
5m
Movies - When Are They Set?
by FPL_Elf
Movies
5m
Popular People in 1961
by mucciniale
History
6m
More to Explore
Quiz From the Vault
Featured Blog Post
Where Did the Easter Bunny Come From?
hide this ad
You Might Also Like...
Tags
National Holiday Quiz
calendar
Today's Top Quizzes in Holiday
Browse Holiday
hide this ad
Today's Top Quizzes in National Holiday
Browse National Holiday
Top Contributed Quizzes in Holiday
1
5-to-1: Holiday Songs
2
Easter - Did You Know?
3
5-to-1: Thanksgiving
4
Show What You Know: US Federal Holidays
5
Holidays Spelling Bee
6
Christmas Things
7
The Holiday Category, A to Z
8
In welcher Stadt stehen diese Sehenswürdigkeiten?
9
3-per Word Ladder: Listen Up!
10
Slices of Holidays
Explore More
Trending Topics
Crossword
Harry Potter
NBA
Marvel
Anime
Disney
Kpop
Song
Soccer
Pokémon
The Office
Puzzle
WWE
NFL
Country
hide this ad
More By:
JPink
Quiz
Plays
Rating
Category
Featured
Created
Christmas Typing Challenge
24,300
4.10
Holiday
Dec 10, 2012
Farthest A Seed Has Gone in NCAA Tourney
4,660
3.20
Sports
Jan 24, 2013
United States TV Network Slot Machine
786
5.00
Television
Dec 15, 2012
Shortest and Longest Odds to Win Super Bowl XLVIII
376
1.50
Sports
Aug 25, 2013
NCAA B-Ball Tourney Winners, By Seed
337
4.00
Sports
Jan 23, 2013
Go to Creator's Profile
Score Distribution
Quiz Creator Spotlight
JPink
Follow
Send a Message
Quizzes Created
-
Created Quiz Play Count
-
More By This Creator
Popular Quizzes Today
1
Find the Countries of Europe - No Outlines Minefield
2
Find the US States - No Outlines Minefield
3
The Countries of the World
4
Popular People in 1961
5
Find the US States
6
US States
7
1-10 Letter E Words III
8
Risky Map Clicking: Biggest States A-Z
More Holiday Quizzes
Gingerbread Movies
Published
Trending Quizzes
Risky Map Clicking: Least Populous States A-Z
1-10 Letter F Words
1-10 Letter G Words
Not Quite an Element Typing Challenge
One Thing in Common: United Kingdom
Recently Updated
Leaping Animals
pecheneg
Reality TV Shows (A-Z)
bhenderson79
Rickey Henderson's Hall of Fame Teammates
pecheneg
Champions League XIs: Arsenal
pecheneg
Quick Pick: Celebrities in WWE's Hall of Fame
aduchscher
A-Z Keypad Blitz II
pecheneg
Multiple Oscar Actors
pecheneg
Mystery Phrase Blitz: Oscar 'Best Actors'
pecheneg
F. Scott Fitzgerald Novels
LTH
Pick 3 Villains
ddd62291
Trending Topics
Crossword
Kpop
Marvel
Disney
Harry Potter
NBA
Anime
Country
Pokémon
Song
The Office
Puzzle
WWE
Soccer
NFL
Your Account Isn't Verified!
In order to create a playlist on Sporcle, you need to verify the email address you used during registration. Go to your
Sporcle Settings
to finish the process.
Report this User
Report this user for behavior that violates our
Community Guidelines
.
Details:
Send Report
Go to the Sporcle.com Mobile Site →
Comments